00422cam a2200157ua 450000100060000000800390000608200130004524500430005825000090010126000370011030000160014750000300016365300210019370000330021499900170024725094191118n II |||gr||||Z||||||asm a491.4509 aBIHU - ETI SAMIKHYAhTextual Documents a2ND. aGUWAHATI:bGRANTHA PEETH,c1987. a122:c20CM. aGUWAHATI BOOK FAIR , 2017 aAsamar Sanskriti aGOGOI, DR. LEELA, eAUTHOR. c28341d28341